000 00643ntaaa2200205 4500
003 01
005 20251027202609.0
008 0714s1973 ag 01
040 _aAR-BaBN
_bspa
_cAR-BaBN
_eaacr
_dRIC
082 _a327.82083 Q3c
100 _aQuellet, Ricardo Luis
_925148
245 _aEl canal de Beagle
250 _a3 ed.
260 _aBuenos Aires :
_bFuerza Aerea Argentina, Escuela de Comando y Estado Mayor,
_c1978
300 _a135 p
500 _aCompaginación condensada de todo problema del Beagle desde los comienzos.
650 _aArgentina-limites
_925149
650 _aArgentina-rel. exteriore-tratados
_925150
942 _cBK
999 _c21066
_d21066